000 01350cam a2200433 a 4500
001 6433
003 FISKH
005 20250820092704.0
008 110207s2010 maua b 000 1 eng
010 _a 2010284060
020 _a9780547371597
020 _a9780547371597
020 _a0547371594
040 _aDLC
_cDLC
_beng
050 _aPZ7.M3567577
082 _a577
100 _aMeddaugh, Susan
245 0 0 _aMartha says it with flowers /
260 _aBoston :
_bHoughton Mifflin Harcourt,
_c2010.
300 _a24 unnumbered pages :
_bcolor illustrations ;
_c21 cm
490 0 _aMartha speaks
500 _a"Based on a teleplay written by Peter K. Hirsch."
500 _a"Based on characters created by Susan Meddaugh."
500 _a"With 45 decorative stickers"--Cover.
505 _aK
520 _aMartha tries to find the perfect birthday gift for Helen's Grandma Lucille.
521 8 _a510
_bLexile
521 8 _aK
_bRaz-Plus
650 1 _aDogs
_vFiction.
650 1 _aBirthdays
_vFiction.
650 1 _aGrandmothers
_vFiction.
650 1 _aGifts
_vFiction.
700 1 _aHirsch, Peter K.
_eAuthor
700 1 _aMeddaugh, Susan.
_eillustrator
730 0 _aMartha speaks (Television program)
906 _a7
_bcbc
_corigres
_d2
_encip
_f20
_gy-gencatlg
942 _2ddc
_cBK
_n0
999 _c6433
_d6433